| 000 | 01251nam0a22002891 4500 | ||
|---|---|---|---|
| 001 | rc\2246407 | ||
| 005 | 20110829182037.2 | ||
| 035 | _a(NLR Aleph) 006515241 | ||
| 090 |
_a6372170 _c6372170 |
||
| 100 | _a20110829d1979 |||y0rusy50 ca | ||
| 101 | 0 | _arus | |
| 102 | _aRU | ||
| 105 | _ay z ||||| | ||
| 200 | 1 |
_aВыбор главных пород и определение оптимального состава лесов на ЭВМ _eМетод. рекомендации _fЛенингр. НИИ лесн. хоз-ва _g[Сост. Л.И. Крестьяшин, Н.А. Пирогов, С.А. Дыренков и др.] |
|
| 210 |
_aЛенинград _cЛенНИИЛХ _d1979 |
||
| 215 |
_a47 с. _d20 |
||
| 320 | _aБиблиогр.: с. 38 (9 назв.) | ||
| 606 |
_aЛесоустройство _xМатематические методы _2psbo |
||
| 702 | 1 |
_aПирогов _bН. А. _4220 |
|
| 702 | 1 |
_aДыренков _bС. А. _4220 |
|
| 702 | 1 |
_aКрестьяшин _bЛ. И. _gЛеонид Иванович _4220 |
|
| 712 | 0 | 2 |
_aЛенинградский НИИ лесного хозяйства _3RU\NLR\AUTH\889969523 |
| 801 | 0 |
_aRU _bNLR _gpsbo |
|
| 801 | 1 |
_aRU _bELAR _2rusmarc |
|
| 852 |
_aNLR _j79-4/17667 |
||
| 942 | _cBOOK | ||
| 980 | _aNB | ||